| LEADER | 01155nam a2200301 u 4500 | ||
|---|---|---|---|
| 001 | 10031963 | ||
| 003 | upatras | ||
| 005 | 20210117210129.0 | ||
| 008 | 000124r1993 us eng | ||
| 020 | |a 156000665X | ||
| 040 | |a GR-PaULI |c GR-PaULI | ||
| 041 | 0 | |a eng | |
| 082 | 0 | 4 | |a 121 |
| 100 | 1 | |a Molnar, Thomas |9 155053 | |
| 245 | 1 | 0 | |a God and the knowledge of reality |c Thomas Molnar |
| 260 | |a New Brunswick, N.J. |b Transaction Publishers |c 1993 | ||
| 300 | |a xxix, 237 p. |c 22 cm. | ||
| 500 | |a With a new introduction by the author | ||
| 500 | |a Originally published : New York : Basic Books, c1973 | ||
| 504 | |a Includes bibliographical references and index | ||
| 650 | 4 | |a Θρησκεία |x Φιλοσοφία |9 2119 | |
| 650 | 4 | |a Γνώση |9 419 | |
| 650 | 4 | |9 145969 |a Επιστήμη |x Φιλοσοφία | |
| 852 | |a GR-PaULI |b ΠΑΤΡΑ |b ΒΚΠ |b ΒΣ1 |k ΑΣΧΞ |h 121 M |m 055952 |p 025000075763 |t 1 | ||
| 942 | |2 ddc |c BK15 | ||
| 952 | |0 0 |1 0 |4 0 |6 121_000000000000000_M |7 0 |9 202776 |a LISP |b LISP |c BSC |d 2016-04-24 |i 055952 |l 0 |o 121 M |p 025000075763 |r 2016-04-24 00:00:00 |t 1 |w 2016-04-24 |y BK15 | ||
| 998 | |c ΠΑΝΑΓΟΠΟΥΛΟΥ |d 2000-01 | ||
| 999 | |c 123806 |d 123806 | ||